Names Within Words #2 - Statistics

General Stats
  • This quiz has been taken 45 times
  • The average score is 13 of 16
Answer Stats
Hint Answer % Correct
Summary Mary
100%
Tarpaulin Paul
100%
Egregious Greg
93%
Competent Pete
93%
Parliament Liam
86%
Walkathon Kath
83%
Sacrosanct Rosa
83%
Sourdough Doug
81%
Thanklessness Hank
79%
Commonality Mona
79%
Explanatory Lana
76%
Exhilarate Lara
76%
Nepotism Otis
69%
Somersault Saul
69%
Hyperinflation Erin
60%
Unforgettable Etta
52%
No matching quizzes found
Score Distribution
Percent of People with Each Score
Percentile by Number Answered
Your Score History
You have not taken this quiz